00711nam a22001935i 4500001000700000003000900007005001700016008004100033080001100074080003800085100002300123245009800146250001300244260006400257300002100321600003100342600005100373852009300424157154ES-MaACL20250817210107.0040809s1863 fr |||| | fre d a27-312 a930 Renan, Ernest. Vie de Jésus1 aLarroque, Patrice.10aOpinion des déistes rationalistes sur la Vie de Jésus selon M. Renan / cpar P. Larroque. a2e éd. aParis : bE. Dentu, c1863 (fImp. de L. Tinterlin et Cie.) a32 p. ; c23 cm.04aJesucristo-xBiografías.17aRenan, Ernest, d1823-1892. tVie de Jésus24 aES-MaACLjT-78-F-6 z- Enc. hol., falto de cub. originalz- Enc. en un vol. facticio